| 000 | 00732nam a22001937a 4500 | ||
|---|---|---|---|
| 003 | OSt | ||
| 005 | 20260429121120.0 | ||
| 008 | 260429b |||||||| |||| 00| 0 eng d | ||
| 020 | _a 9789962040163 | ||
| 082 | _2 9789962040163 | ||
| 100 | _a Lexus | ||
| 245 |
_aManos Creativas _bBijouterie - caritas pintadas - bordados |
||
| 250 | _a1ra | ||
| 260 |
_b Lexus Editores _c2013 |
||
| 300 |
_a177 pag _c19.5 x 15.5 |
||
| 490 | _3cubierta dura | ||
| 520 | _al Tomo 2 de la colección Manos Creativas es el volumen dedicado íntegramente al adorno personal y la moda artesanal. Se enfoca en dos grandes áreas: la creación de accesorios desde cero ( Bijouterie ) y la ornamentación de textiles (Bordados). | ||
| 942 |
_2ddc _cBKA _n0 |
||
| 999 |
_c2086 _d2086 |
||